000 00713nam a22002297a 4500
001 27601
003 UA-OsUOA
005 20220101210454.0
007 ta
008 20040908b un ||||| |||| 00| 0 ukr d
020 _a966-95983-6-3
040 _aUA-OsUOA
_cUA-OsUOA
_dUA-OsUOA
_bukr
041 _aukr
080 _a821.161.2(075.3)
090 _a821.161.2(075.3)
_bВ42
245 _aВідлуння десятиліть. Українська література другої половини XX століття
_bнавчальний посібник
_cупор. М. О. Сорока
260 _aКиїв
_bГрамота
_c2001
300 _a463 с.
650 7 _2UDC
942 _cBK
_2udc
955 _a0
999 _c313950
_d313950